Mitologia grecka od A do Z. - Statystyki

Ogólne statystyki
  • Ten quiz został rozwiązany 686 razy
  • Średni wynik to 12 z 22
Statystyki odpowiedzi
Wskazówka Odpowiedź % Poprawnych
A bogini mądrości Atena
96%
I syn Dedala Ikar
92%
P władca mórz Posejdon
91%
D bóg wina Dionizos
86%
M zabity przez Tezeusza w Labiryncie Minotaur
85%
G żona Uranosa Gaja
84%
H bóg ognia Hefajstos
78%
R żona Kronosa Rea
70%
O król Itaki, mąż Penelopy Odyseusz
66%
E żona Orfeusza Eurydyka
64%
C przewoził dusze przez Styks Charon
62%
Z bóg wiatru zachodniego Zefir
48%
T bogini sprawiedliwości Temida
45%
J przywódca Argonautów Jazon
43%
S bogini Księżyca Selene
40%
W opisana przez Homera w "Iliadzie" wojna trojańska
36%
B bóg wiatru północnego Boreasz
32%
L rzeka zapomnienia w Hadesie Lete
23%
N córka Tantala, zamieniona w skałę Niobe
23%
U muza astronomii Urania
22%
K muza historii Klio
21%
F królewna kreteńska, żona Tezeusza Fedra
9%
Nie znaleziono quizów pasujących do podanych kryteriów
Rozkład punktacji
Procent ludzi z każdym wynikiem
Percentyl według liczby udzielonych odpowiedzi
Twoja historia wyników
Nie rozwiązałeś tego quizu